| 000 | 00569nam a22001937a 4500 | ||
|---|---|---|---|
| 001 | BT-PhCST | ||
| 003 | BT-PhCST | ||
| 005 | 20190204171810.0 | ||
| 008 | 160303b xxu||||| |||| 00| 0 eng d | ||
| 020 | _a9788126546602 | ||
| 040 |
_aBT-PhCST _cBT-PhCST _dBT-PhCST |
||
| 050 | _a18421-18425 | ||
| 082 |
_222 _a005.437 |
||
| 100 | _aPradhan, Anubhav and Deshpade, Anil | ||
| 245 |
_aComposing mobile apps : _blearn, explore applying android / |
||
| 260 |
_aNew Delhi, _bWiley Indin Pvt. Ltd _cc2014. |
||
| 300 |
_axviii, 266p. ; _bill. ; _c23.5 cm. |
||
| 942 |
_2ddc _cIT |
||
| 999 |
_c6152 _d6152 |
||